000 00347 a2200109 4500
001 ART_46928
005 20260410161630.0
008 260409a
245 1 0 _aEfectos en impuesto diferido del cambio de tasa en el impuesto a las ganancias
100 1 _aTorres, Carlos Federico
773 0 _tEnfoques
_g- N°7 (jul. 2018)
_wREV416
999 _c12388
_d12388